Tristan und Isolde / (Record no. 195985)
[ view plain ]
| 000 -LEADER | |
|---|---|
| campo de control de longitud fija | 03128njm a2200589 i 4500 |
| 001 - NÚMERO DE CONTROL | |
| campo de control | 195985 |
| 003 - IDENTIFICADOR DE NÚMERO DE CONTROL | |
| campo de control | ES-MaACL |
| 005 - FECHA Y HORA DE LA ÚLTIMA TRANSACCIÓN | |
| campo de control | 20250904042250.0 |
| 007 - CAMPO FIJO DE DESCRIPCIÓN FÍSICA--INFORMACIÓN GENERAL | |
| campo de control de longitud fija | sd*fsngnnmmned |
| 008 - DATOS DE LONGITUD FIJA--INFORMACIÓN GENERAL | |
| campo de control de longitud fija | 240209s2006 sp opn d / ger |
| 015 ## - NÚMERO DE BIBLIOGRAFÍA NACIONAL | |
| Número de bibliografía nacional | SON06 |
| 017 ## - NÚMERO DE COPYRIGHT O DE DEPÓSITO LEGAL | |
| Número de copyright o de depósito legal | M 48038-2006 |
| Agencia que asigna | Oficina Depósito Legal Madrid |
| 020 ## - NÚMERO INTERNACIONAL ESTÁNDAR DEL LIBRO | |
| Número Internacional Estándar del Libro | 9788493552343 |
| 035 ## - NÚMERO DE CONTROL DEL SISTEMA | |
| Número de control de sistema | (OCoLC)1004300518 |
| 035 ## - NÚMERO DE CONTROL DEL SISTEMA | |
| Número de control de sistema | (SpMaBN)a4555114 |
| 040 ## - FUENTE DE CATALOGACIÓN | |
| Centro catalogador/agencia de origen | SpMaBN |
| Lengua de catalogación | spa |
| Centro/agencia transcriptor | SpMaBN |
| Normas de descripción | rdc |
| 100 1# - ENTRADA PRINCIPAL--NOMBRE DE PERSONA | |
| Nombre de persona | Wagner, Richard, |
| Fechas asociadas al nombre | 1813-1883 |
| 9 (RLIN) | 240522 |
| Término indicativo de función/relación | Compositor |
| 240 10 - TÍTULO UNIFORME | |
| Título uniforme | Tristan und Isolde |
| 245 10 - MENCIÓN DEL TÍTULO | |
| Título | Tristan und Isolde / |
| Mención de responsabilidad, etc. | Wagner ; libreto de Richard Wagner |
| Medio | [Grabación sonora] |
| 260 ## - PUBLICACIÓN, DISTRIBUCIÓN, ETC. | |
| Lugar de publicación, distribución, etc. | Madrid : |
| Nombre del editor, distribuidor, etc. | Prisa Innova, |
| Fecha de publicación, distribución, etc. | D.L. 2007 |
| 264 ## - PRODUCCIÓN, PUBLICACIÓN, DISTRIBUCIÓN, FABRICACIÓN Y COPYRIGHT | |
| Producción, publicación, distribución, fabricación y copyright | ©2007 |
| 300 ## - DESCRIPCIÓN FÍSICA | |
| Extensión | 4 discos (CD Audio) + |
| Material acompañante/anejo | 1 libro (108 páginas) |
| 336 ## - TIPO DE CONTENIDO | |
| Fuente | rdacontent |
| Término de tipo de contenido | música (interpretada) |
| 337 ## - TIPO DE MEDIO | |
| Fuente | rdamedia |
| Nombre/término del tipo de medio | audio |
| 338 ## - TIPO DE SOPORTE | |
| Fuente | rdacarrier |
| Nombre/término del tipo de soporte | volumen |
| 490 1# - MENCIÓN DE SERIE | |
| Mención de serie | Los clásicos de la ópera, 400 años ; |
| Designación de volumen o secuencia | 7 |
| 500 ## - NOTA GENERAL | |
| Nota general | Remasterizado |
| 511 1# - NOTA DE PARTICIPANTES O INTÉRPRETES | |
| Nota de participantes o intérpretes | Ludwig Suthaus, Kirsten Flagstad, Blanche Thebom, Josef Greindl, Dietrich Fischer-Dieskau, Rudolf Schock, Edgar Evans, Rhoderick Davies ; Coro de la Royal Opera House, Covent Garden ; Orquesta Philharmonia ; Wilhelm Furtwängler, director musical. |
| 518 ## - NOTA DE FECHA/HORA Y LUGAR DE UN ACONTECIMIENTO | |
| Nota de fecha/hora y lugar de un acontecimiento | Grabado en estudio en 1952 |
| 520 ## - RESUMEN, ETC. | |
| Sumario, etc. | El lenguaje musical de Tristán se caracteriza por la inestabilidad y ambigüedad tonal, el extremo cromatismo tanto en la línea melódica como en la armonía. (...) Todo al servicio del drama, de la intensificación de la expresión, de la tensión emocional.<br/><br/>El resultado es una obra con un extraño poder de fascinación, que afectó profunda e irreversiblemente a la evolución de la música occidental, la muerte anunciada de una era. (...) El terreno estaba abonado para que las siguientes generaciones certificaran la independencia de la armonía del sistema tonal clásico. |
| 650 #7 - PUNTO DE ACCESO ADICIONAL DE MATERIA--TÉRMINO DE MATERIA | |
| Término de materia o nombre geográfico como elemento de entrada | Óperas- |
| 9 (RLIN) | 137584 |
| Subdivisión de forma | Libretos |
| 655 #7 - TERMINO DE INDIZACIÓN--GENERO/FORMA | |
| Datos o término principal de género/forma | Libretos |
| Fuente del término | |
| 9 (RLIN) | 242219 |
| 700 1# - ENTRADA AGREGADA--NOMBRE PERSONAL | |
| Nombre de persona | Wagner, Richard, |
| Fechas asociadas al nombre | 1813-1883- |
| Título de la obra | Tristan und Isolde- |
| Lenguaje de la obra | Español-Alemán |
| 9 (RLIN) | 237904 |
| Término indicativo de función/relación | Libretista |
| 700 1# - ENTRADA AGREGADA--NOMBRE PERSONAL | |
| Nombre de persona | Suthaus, Ludwig |
| 9 (RLIN) | 237905 |
| Término indicativo de función/relación | Intérprete |
| 700 1# - ENTRADA AGREGADA--NOMBRE PERSONAL | |
| Nombre de persona | Flagstad, Kirsten, |
| Fechas asociadas al nombre | 1895-1962 |
| 9 (RLIN) | 237906 |
| Término indicativo de función/relación | Intérprete |
| 700 1# - ENTRADA AGREGADA--NOMBRE PERSONAL | |
| Nombre de persona | Thebom, Blanche, |
| Fechas asociadas al nombre | 1918-2010 |
| 9 (RLIN) | 237907 |
| Término indicativo de función/relación | Intérprete |
| 700 1# - ENTRADA AGREGADA--NOMBRE PERSONAL | |
| Nombre de persona | Greindl, Josef, |
| Fechas asociadas al nombre | 1912-1993 |
| 9 (RLIN) | 237908 |
| Término indicativo de función/relación | Intérprete |
| 700 1# - ENTRADA AGREGADA--NOMBRE PERSONAL | |
| Nombre de persona | Fischer-Dieskau, Dietrich, |
| Fechas asociadas al nombre | 1925-2012 |
| 9 (RLIN) | 237909 |
| Término indicativo de función/relación | Intérprete |
| 700 1# - ENTRADA AGREGADA--NOMBRE PERSONAL | |
| Nombre de persona | Schock, Rudolf, |
| Fechas asociadas al nombre | 1915-1986 |
| 9 (RLIN) | 237910 |
| Término indicativo de función/relación | Intérprete |
| 700 1# - ENTRADA AGREGADA--NOMBRE PERSONAL | |
| Nombre de persona | Evans, Edgar |
| Término indicativo de función/relación | Intérprete |
| 9 (RLIN) | 240524 |
| 700 1# - ENTRADA AGREGADA--NOMBRE PERSONAL | |
| Nombre de persona | Davies, Rhoderick |
| Término indicativo de función/relación | Intérprete |
| 9 (RLIN) | 240525 |
| 700 1# - ENTRADA AGREGADA--NOMBRE PERSONAL | |
| Nombre de persona | Furtwängler, Wilhelm, |
| Fechas asociadas al nombre | 1886-1954 |
| 9 (RLIN) | 237911 |
| Término indicativo de función/relación | Director musical |
| 710 2# - ENTRADA AGREGADA--NOMBRE DE ENTIDAD CORPORATIVA | |
| Nombre de entidad corporativa o nombre de jurisdicción como elemento de entrada | Royal Opera House (Londres)- |
| Unidad subordinada | Chorus |
| 9 (RLIN) | 237864 |
| 710 2# - ENTRADA AGREGADA--NOMBRE DE ENTIDAD CORPORATIVA | |
| Nombre de entidad corporativa o nombre de jurisdicción como elemento de entrada | Philharmonia Orchestra (Londres) |
| 9 (RLIN) | 237912 |
| 852 ## - LOCALIZACIÓN | |
| Ubicación | ES-MaACL |
| Sublocalización o colección | 155018 |
| Ubicación en estantería | Depósito J |
| Número de control de estantería | N-9802 |
| Donativo/Legado | Donación: Miren Fernández |
| Encuadernación | Encuadernación cartoné |
| Designación de la unidad física | Volumen 7 |
| itemnumber | 205584 |
| 903 ## - NOMBRE PERSONAL DE DONANTE | |
| a | Fernández, Miren |
| e | Donante |
| 942 ## - ELEMENTOS DE ENTRADA SECUNDARIOS (KOHA) | |
| Tipo de ítem Koha | Libro impreso |
| Suprimir en OPAC | No |
| Estatus retirado | Estado de pérdida | Fuente del sistema de clasificación o colocación | Estado de daño | No para préstamo | Biblioteca de origen | Biblioteca actual | Ubicación en estantería | Fecha de adquisición | Fuente de adquisición | Total de préstamos | Signatura topográfica completa | Código de barras | Visto por última vez | Precio de reemplazo | Tipo de ítem Koha |
|---|---|---|---|---|---|---|---|---|---|---|---|---|---|---|---|
| Clasificación decimal universal | Biblioteca del Ateneo de Madrid | Biblioteca del Ateneo de Madrid | Depósito J | 19/05/2025 | Donación | N-9802 | 101230107 | 19/05/2025 | 19/05/2025 | Libro impreso |
